Statistics for Historical Periods in the Bible

Click here to take the quiz!

General Stats

  • This quiz has been taken 3 times
  • The average score is 3 of 12

Answer Stats

Answer% Correct
The United Kingdom
100%
The Early Church
67%
Jesus' Earthly Ministry
33%
Prehistory
33%
Return to the Homeland
33%
The Divided Kingdom
33%
Israel Among the Nations
0%
Israel in Egypt
0%
Settling the Land
0%
The Babylonian Captivity
0%
The Patriarchs
0%
The WIlderness Experience
0%

Score Distribution

Percentile by Number Answered

Percent of People with Each Score

Your Score History

You have not taken this quiz